Science and civilisation in China

Αποθηκεύτηκε σε:
Λεπτομέρειες βιβλιογραφικής εγγραφής
Κύριος συγγραφέας: Needham, Joseph, 1900-1995
Άλλοι συγγραφείς: Wang, Ling
Μορφή: Βιβλίο
Γλώσσα:English
Δημοσίευση: Cambridge : Cambridge University Press, [1996?]
Θέματα:
Ετικέτες: Προσθήκη ετικέτας
Δεν υπάρχουν, Καταχωρήστε ετικέτα πρώτοι!

MARC

LEADER 00000cam a2200000 i 4500
001 1/77685
008 050531s1996 enk| ||| |||| ||eng||
020 |a 052105799X (τ.1)  |q (τ. 1) 
020 |a 0521058007 (τ.2)  |q (τ. 2) 
035 |l 10078305 
040 |a GR-MyUa  |b gre  |e AACR2 
041 0 |a eng 
082 7 |a 509.51   |2 (22) 
100 1 |a Needham, Joseph,   |d 1900-1995. 
245 1 0 |a Science and civilisation in China /   |c by Joseph Needham ; with a research assistance of Wang Ling. 
260 |a Cambridge :   |b Cambridge University Press,   |c [1996?] 
300 |a 2 τ. :   |b εικ., χαρτ. ;   |c 26 εκ. +   |e 2 χάρτες 
504 |a Περιέχει βιβλιογραφία και ευρετήριο. 
505 8 |a Τ.1. Introductory orientations -- τ. 2. History of scientific thought. 
650 0 |a Science  |z China  |x History. 
650 0 |a Technology  |z China  |x History. 
651 0 |a China  |x Civilization. 
650 0 |a Science and civilization. 
700 1 |a Wang, Ling. 
852 |a INST  |b LESVOS  |e 20050531  |h 509.51 NEE  |p 005100032100  |q 005100032100  |t BK  |y 0  |z τ.1 
852 |a INST  |b LESVOS  |e 20050603  |h 509.51 NEE  |p 005100032128  |q 005100032128  |t BK  |y 0  |z τ.2 
852 |a INST  |b LESVOS  |e 20050531  |h 509.51 NEE  |p 005100032100  |q 005100032100  |t BK  |v τ.1:  |y 0  |z τ.1 
852 |a INST  |b LESVOS  |e 20050603  |h 509.51 NEE  |p 005100032128  |q 005100032128  |t BK  |v τ.2:  |y 0  |z τ.2 
852 |a INST  |b LESVOS  |e 20050531  |h 509.51 NEE map  |p 005100032101  |q 005100032101  |t BK  |y 4  |x 20160421  |z τ.1 
852 |a INST  |b LESVOS  |e 20050531  |h 509.51 NEE map  |p 005100032102  |q 005100032102  |t BK  |y 0  |z τ.1 
852 |a INST  |b LESVOS  |e 20050531  |h 509.51 NEE map  |p 005100032101  |q 005100032101  |t BK  |v τ.1:  |y 4  |x 20160421  |z τ.1 
852 |a INST  |b LESVOS  |e 20050531  |h 509.51 NEE map  |p 005100032102  |q 005100032102  |t BK  |v τ.1:  |y 0  |z τ.1 
853 |a INST  |b LESVOS  |h 509.51 NEE 
853 |a INST  |b LESVOS  |h 509.51 NEE map 
901 |a BIBL1-2005-2 
920 |a ΔΙΕΥΡΥΝΣΗ  |b ΕΠΕΑΕΚ-ΠΤΕ  |y Λέσβος  |z 2004-10 
970 |a Καρά  |b Γιασεμή  |z 31/05/2005